00744nam a2200253 a 4500001001300000003000900013005001700022008004100039020000900080082002000089100001800109245006000127260003600187300000900223500003500232505004200267650001600309650001700325700001800342902000800360942000700368952010000375999001500475nice12345678IN_TiNIC20260116012801.0050524s1981 shia grp 000 0 eng  ac5000a305.480297bMEN aMenon, M Indu aStatus of Muslim Women in India; a Case Study of Kerala aShimlabIndian Institute c1981 a161p aincludes index and biblioraphy2 aReference, Notes, Bibliography, Index aWomen-India aMuslim Women1 aMenon, M Indu bSRS cBK 00114070aHMIbHMId2007-03-26g50.00l0o305.480297 MENp011221r2007-03-26w2026-01-16yBK c8354d8354